00692nam a2200205Ia 450000100060000000800390000602000150004504100080006008200080006810000330007624500990010925000120020826000620022030000190028265300100030165300130031194200120032495201330033699900170046962416170909n1997 ii |||gr||||Z||||||465 a8185636338 a465 a160 aThakur, Anantalal ,eEditor. 0aGautamiyanyayadarsana with Bhasya of VatsyayanacEdited by Anantalal ThakurhTextual Documents aist ed. aNew DelhibIndian council of philosophical researchc1997 apg 396:c22cm. aLogic aG- Logic 2ddccBK 001040708General aSKBLbSKBLd2017-09-09f00000g460.00l0o160 Th 329 Swp3618/Giftr2024-01-14 00:00:00t1w2017-09-09yBK c63523d63523